| 000 | 01493cam a2200373 a 4500 | ||
|---|---|---|---|
| 001 | 1752 | ||
| 003 | FISKH | ||
| 005 | 20230928101504.0 | ||
| 008 | 090406s2010 nyua j b 001 0 eng | ||
| 010 | _a 2009014183 | ||
| 020 | _a9780531205822 | ||
| 040 |
_aDLC _cDLC _dDLC _beng |
||
| 043 | _an-usp-- | ||
| 050 | 0 | 0 |
_aF592.7 _b.P467 2010 |
| 082 | 0 | 0 |
_a917.804/2 _222 |
| 100 | 1 | _aPerritano, John. | |
| 245 | 1 | 4 |
_aThe Lewis and Clark Expedition / _cJohn Perritano. |
| 260 |
_aNew York : _bScholastic, _c2010. |
||
| 300 |
_a48 pages : _bcolor illustrations ; _c22 cm. |
||
| 490 | 0 | _aA true book | |
| 505 | _aW | ||
| 520 | _aRecounts the journey into the western United States conducted by explorers Lewis and Clark, outlining their routes, personal experiences, and encounters with the Native Americans. | ||
| 521 | 8 |
_a880
_bLexile |
|
| 521 | 8 |
_aW
_bRaz-Plus |
|
| 600 | 1 | 0 |
_aLewis, Meriwether, _d1774-1809 _vJuvenile literature. |
| 600 | 1 | 0 |
_aClark, William, _d1770-1838 _vJuvenile literature. |
| 611 | 2 | 0 |
_aLewis and Clark Expedition _d(1804-1806) _vJuvenile literature. |
| 650 | 0 |
_aExplorers _zWest (U.S.) _vBiography _vJuvenile literature. |
|
| 651 | 0 |
_aWest (U.S.) _xDiscovery and exploration _vJuvenile literature. |
|
| 651 | 0 |
_aWest (U.S.) _xDescription and travel _vJuvenile literature. |
|
| 906 |
_a7 _bcbc _corignew _d1 _eecip _f20 _gy-gencatlg |
||
| 942 |
_2ddc _cBK _n0 |
||
| 999 |
_c1752 _d1752 |
||